00517nam a22001697a 450000500170000001000150001702000260003202000230005803500130008103700130009410000190010724500910012626000460021727000400026330000250030350000190032820140501131220.0 aENG-109840 a9788192512198c450.00 a8192512193c450.00 aEN-93373 bDBAD/PUB aRaju, T. Swami00aChristian theological responses :cby T.Swami Rajubcontemporary contextual concerns / aNew DelhibChristian World Imprintsc2014 aH-12, Bali NagarbNew Delhie110015 axvi,172p. c22cm(Hb) aIncludes index